Epic the Musical - Horse and the Infant Lyrics - Statistics

General Stats
  • This quiz has been taken 663 times
  • The average score is 395 of 445
Answer Stats
Hint Answer % Correct
my
100%
Zeus A
99%
a
99%
my
99%
make
98%
Odysseus Make
98%
the
98%
Zeus The
98%
to
98%
an
97%
be
97%
brothers
97%
Do
97%
do
97%
he
97%
Zeus He
97%
I
97%
kill
97%
no
97%
of
97%
on
97%
who
97%
Who
97%
you
97%
You
97%
and
96%
And
96%
listen
96%
we
96%
will
96%
closely
95%
me
95%
One
95%
one
95%
pay
95%
Think
95%
think
95%
Tonight
95%
us
95%
us,
95%
what
95%
What
95%
your
95%
Your
95%
for?
94%
for
94%
grow
94%
Hector
94%
her
94%
now
94%
Odysseus Penelope,
94%
Odysseus | Soldiers Penelope
94%
say
94%
Odysseus Say
94%
you're
94%
Odysseus Alright
93%
avenge
93%
by
93%
Fight
93%
fight
93%
Sir!
93%
slay
93%
that
93%
that?
93%
they
93%
years
93%
Soldiers Yes
93%
as
92%
children
92%
don't
92%
Don't
92%
here
92%
here,
92%
is
92%
Ten
92%
Trojans
92%
war
92%
where
92%
wives
92%
you'll
92%
boy
91%
Can
91%
can
91%
Odysseus I'm
91%
just
91%
ready
91%
slowly
91%
son
91%
we'll
91%
well
91%
been
90%
come
90%
infant,
90%
Odysseus Its
90%
killed
90%
know
90%
Know
90%
ones
90%
Telemachus
90%
them
90%
Zeus This
90%
this
90%
this,
90%
vision,
90%
But
89%
go
89%
lead
89%
own
89%
you've
89%
again
88%
at
88%
Cannot
88%
cannot
88%
charge
88%
have
88%
him
88%
Little
88%
live
88%
Prince
88%
see
88%
wonder
88%
back
87%
families
87%
father,
87%
from
87%
stay
87%
Ajax
86%
avenger
86%
Odysseus Find
86%
find
86%
goodbye
86%
Helen
86%
mission,
86%
raise
86%
Odysseus Tell
86%
was
86%
won't
86%
age
85%
avoid?
85%
how
85%
protect
85%
right
85%
someone's
85%
still
85%
threat
85%
very
85%
with
85%
All
84%
attack
84%
Odysseus Attack!
84%
could
84%
does
84%
Gods
84%
If
84%
more
84%
only
84%
other
84%
please
84%
Odysseus Please
84%
rage
84%
yet
84%
any
83%
consumed
83%
run
83%
way
83%
end
82%
none
82%
save
82%
sort
82%
than
82%
far
81%
foe
81%
growing
81%
home
81%
old
81%
outrun
81%
pose,
81%
away
80%
guards
80%
inner
80%
pride
80%
take
80%
Troy's
80%
blood
79%
dealt
79%
flank
79%
choose
78%
city
78%
hands
78%
his
78%
knees
78%
wish
78%
left
77%
secure
77%
They're
77%
who's
77%
Odysseus Diomedes
76%
never
76%
past
76%
something
76%
sure
76%
before
75%
imminent
75%
known
75%
try
75%
Use
75%
Agamemnon
74%
I'll
74%
large
74%
lose
74%
Nestor,
74%
our
74%
strength
74%
through
74%
Unlike
74%
inside,
73%
whole
73%
yourself
73%
Ask
72%
faced
72%
anyone
71%
begging
71%
Neo
71%
ya
71%
gates
70%
shoot
70%
ambush
68%
every
68%
house
68%
send
68%
burn
67%
Zeus He'll
67%
let
65%
pain
65%
Odysseus Or
64%
wherever
64%
fueled
62%
Menelaus
61%
bleed
59%
Odysseus I'd
59%
mates
58%
Teucer
58%
rather
56%
throne
52%
down
46%
Zeus Oh
45%
Zeus He's
34%
bringing
26%
No matching quizzes found
Score Distribution
Percent of People with Each Score
Percentile by Number Answered
Your Score History
You have not taken this quiz